Entre Dios y el diablo: Mujeres de la colonia: Crónicas
Gardado en:
| Autor Principal: | |
|---|---|
| Formato: | Libro |
| Idioma: | Undetermined |
| Publicado: |
San José, Costa Rica
Editorial de la Universidad de Costa Rica
1993
|
| Materias: | |
| Etiquetas: |
Engadir etiqueta
Sen Etiquetas, Sexa o primeiro en etiquetar este rexistro!
|
MARC
| LEADER | 00000nam a2200000Ia 4500 | ||
|---|---|---|---|
| 008 | 170316s9999 xx 000 0 und d | ||
| 040 | |a cru BVZT | ||
| 090 | |a 868 L-8e | ||
| 100 | |a Lobo, Tatiana | ||
| 245 | |a Entre Dios y el diablo: Mujeres de la colonia: Crónicas | ||
| 260 | |a San José, Costa Rica | ||
| 260 | |b Editorial de la Universidad de Costa Rica | ||
| 260 | |c 1993 | ||
| 300 | |a 148 páginas | ||
| 650 | |a LITERATURA COSTARRICENSE | ||
| 650 | |a CUENTOS | ||
| 650 | |a MUJERES - CUESTIONES SOCIALES Y MORALES | ||
| 650 | |a MUJERES - SITUACION LEGAL - COSTA RICA | ||
| 942 | 0 | 0 | |0 3 |
| 999 | |c 11275 |d 11275 | ||
